[Event "e2e4 Brighton Open"]
[Site "Brighton"]
[Date "2010.11.13"]
[Round "2"]
[White "Compton, Alistair"]
[Black "Millward, Kevin Philip"]
[Result "1-0"]
[WhiteElo "2045"]
[BlackElo "1954"]
[PlyCount "95"]
[EventDate "2010.11.12"]
[EventType "swiss"]
[EventRounds "5"]
[EventCountry "ENG"]
[SourceTitle "BritBase"]
[Source "John Saunders"]
[SourceDate "2024.12.03"]
[SourceVersion "1"]
[SourceVersionDate "2024.12.03"]
[SourceQuality "1"]

1. e4 b6 2. d4 Bb7 3. Nc3 e6 4. Nf3 Nf6 5. Bd3 Bb4 6. Qe2 d5 7. e5 Ne4 8. O-O Nxc3 9. bxc3 Bxc3 10. Rb1 a5 11. a3 a4 12. Qe3 Ba5 13. Ng5 Ba6 14. f4 h6 15. Nf3 Bxd3 16. Qxd3 Qd7 17. c4 dxc4 18. Qxc4 Nc6 19. Be3 Ne7 20. Nh4 O-O 21. g4 Nd5 22. Ng2 Rfd8 23. Rbd1 b5 24. Qd3 b4 25. f5 Nxe3 26. Nxe3 Bb6 27. Rf4 c5 28. Nc4 Bc7 29. f6 g6 30. Qh3 Kh7 31. Nd2 Rh8 32. Qf3 cxd4 33. Nc4 Qb5 34. Rfxd4 Bb6 35. Nxb6 Qxb6 36. Kg2 bxa3 37. Rd7 Rhf8 38. Rb7 Qc5 39. Rdd7 Kg8 40. Rxf7 Rxf7 41. Rxf7 Qd5 42. Rg7+ Kf8 43. Qxd5 exd5 44. e6 Re8 45. e7+ Rxe7 46. Rxe7 a2 47. Re1 d4 48. Ra1 1-0

[Event "e2e4 Brighton Open"]
[Site "Brighton"]
[Date "2010.11.13"]
[Round "2"]
[White "Harvey, Marcus Ross"]
[Black "Ledger, David J"]
[Result "0-1"]
[WhiteElo "2098"]
[BlackElo "2261"]
[PlyCount "106"]
[EventDate "2010.11.12"]
[EventType "swiss"]
[EventRounds "5"]
[EventCountry "ENG"]
[SourceTitle "BritBase"]
[Source "John Saunders"]
[SourceDate "2024.12.03"]
[SourceVersion "1"]
[SourceVersionDate "2024.12.03"]
[SourceQuality "1"]

1. e4 e5 2. Nf3 Nc6 3. d4 exd4 4. Bc4 Nf6 5. e5 d5 6. Bb5 Ne4 7. Nxd4 Bc5 8. O-O Bd7 9. Bxc6 bxc6 10. f3 Ng5 11. f4 Ne4 12. c3 Qb8 13. Nd2 Nxd2 14. Qxd2 Qc8 15. Qf2 Bb6 16. Be3 Qb7 17. a4 a5 18. f5 c5 19. e6 cxd4 20. exd7+ Kxd7 21. Bxd4 Bxd4 22. Qxd4 Qa7 23. Rad1 Qxd4+ 24. Rxd4 Kd6 25. Rfd1 c6 26. c4 Rab8 27. cxd5 c5 28. Rg4 Rhg8 29. Rd2 Rb4 30. Rxb4 axb4 31. Kf2 c4 32. Ke3 Kc5 33. Rd4 Re8+ 34. Re4 Rxe4+ 35. Kxe4 b3 36. d6 c3 37. d7 cxb2 38. d8=Q b1=Q+ 39. Ke3 Qe1+ 40. Kf3 Qc3+ 41. Ke2 b2 42. Qe7+ Kc4 43. Qxf7+ Kb4 44. Qe7+ Kb3 45. f6 b1=Q 46. Qb7+ Ka2 47. Qxb1+ Kxb1 48. fxg7 Qxg7 49. Kf3 Kc2 50. g4 Kd3 51. h4 Qf6+ 52. Kg3 Ke3 53. g5 Qf3+ 0-1

[Event "e2e4 Brighton Open"]
[Site "Brighton"]
[Date "2010.11.13"]
[Round "2"]
[White "Holland, James P"]
[Black "Jakob, Matthias"]
[Result "1-0"]
[WhiteElo "2079"]
[BlackElo "2020"]
[PlyCount "53"]
[EventDate "2010.11.12"]
[EventType "swiss"]
[EventRounds "5"]
[EventCountry "ENG"]
[SourceTitle "BritBase"]
[Source "John Saunders"]
[SourceDate "2024.12.03"]
[SourceVersion "1"]
[SourceVersionDate "2024.12.03"]
[SourceQuality "1"]

1. d4 e6 2. e4 d5 3. Nd2 dxe4 4. Nxe4 Nd7 5. Bd3 Ngf6 6. Qe2 b6 7. Nf3 Be7 8. Neg5 Bb7 9. Nxf7 Bxf3 10. Qxe6 Qc8 11. gxf3 Rf8 12. Ng5 Qb7 13. Be4 Nxe4 14. Qxe4 O-O-O 15. Qxb7+ Kxb7 16. Ne6 Bb4+ 17. Kf1 Rde8 18. Nxf8 Rxf8 19. Ke2 Nf6 20. Be3 Nd5 21. Rhg1 g6 22. c4 Nf4+ 23. Bxf4 Rxf4 24. Rg4 Rf5 25. Rh4 h5 26. Rg1 Rf6 27. c5 1-0

[Event "e2e4 Brighton Open"]
[Site "Brighton"]
[Date "2010.11.13"]
[Round "2"]
[White "Lock, Gavin R"]
[Black "Messam-Sparks, Lateefah"]
[Result "1-0"]
[WhiteElo "2182"]
[BlackElo "1917"]
[PlyCount "89"]
[EventDate "2010.11.12"]
[EventType "swiss"]
[EventRounds "5"]
[EventCountry "ENG"]
[SourceTitle "BritBase"]
[Source "John Saunders"]
[SourceDate "2024.12.03"]
[SourceVersion "1"]
[SourceVersionDate "2024.12.03"]
[SourceQuality "1"]

1. d4 d5 2. Nf3 e6 3. c4 Nf6 4. Nc3 Be7 5. Bg5 O-O 6. e3 b6 7. Be2 Bb7 8. Bxf6 Bxf6 9. cxd5 exd5 10. b4 a6 11. O-O Qd6 12. Qb3 Nd7 13. a4 Be7 14. b5 a5 15. Rfc1 Rfc8 16. Bd3 Nf6 17. Ne5 c5 18. bxc6 Bxc6 19. Bf5 Bd7 20. Nxd7 Nxd7 21. Nb5 Rxc1+ 22. Rxc1 Nc5 23. dxc5 Qe5 24. Qc2 bxc5 25. Bxh7+ Kh8 26. Qf5 Qxf5 27. Bxf5 g6 28. Bg4 Rd8 29. Rd1 Kg7 30. Kf1 Bf6 31. Bf3 d4 32. exd4 cxd4 33. Ke2 Be5 34. g3 Rc8 35. Kd3 Rd8 36. h4 f6 37. Rc1 Kh6 38. Rc4 Rb8 39. Be2 f5 40. Rc5 Bf6 41. Rc6 Kg7 42. Bf3 Re8 43. Rc7+ Kh8 44. Rf7 Bg7 45. Ra7 1-0

[Event "e2e4 Brighton Open"]
[Site "Brighton"]
[Date "2010.11.13"]
[Round "2"]
[White "Mangione, Claudio"]
[Black "Doran, Michael J"]
[Result "1-0"]
[WhiteElo "2099"]
[BlackElo "1870"]
[PlyCount "89"]
[EventDate "2010.11.12"]
[EventType "swiss"]
[EventRounds "5"]
[EventCountry "ENG"]
[SourceTitle "BritBase"]
[Source "John Saunders"]
[SourceDate "2024.12.03"]
[SourceVersion "1"]
[SourceVersionDate "2024.12.03"]
[SourceQuality "1"]

1. c4 b6 2. Nc3 e6 3. e4 Bb7 4. Nge2 c5 5. g3 Nf6 6. Bg2 d6 7. O-O Be7 8. d4 cxd4 9. Nxd4 Qc8 10. Be3 O-O 11. Re1 Rd8 12. Rc1 Nc6 13. f4 Nxd4 14. Bxd4 Qd7 15. Qe2 Rac8 16. b3 Bc6 17. Rcd1 Qb7 18. f5 exf5 19. exf5 Bxg2 20. Qxg2 Qxg2+ 21. Kxg2 Kf8 22. Re2 Rd7 23. Rde1 Rcd8 24. h3 Ng8 25. g4 Bh4 26. Rd1 Ne7 27. Red2 Bg5 28. Rd3 Nc6 29. Nd5 Ne5 30. Bxe5 dxe5 31. Kf3 Be7 32. Ke4 f6 33. a4 Kf7 34. R1d2 Ke8 35. Ra2 Bc5 36. a5 Bd4 37. axb6 axb6 38. h4 b5 39. g5 bxc4 40. bxc4 fxg5 41. hxg5 Rc8 42. Ra4 Kf7 43. Rh3 Rh8 44. g6+ Kg8 45. Ra8+ 1-0

[Event "e2e4 Brighton Open"]
[Site "Brighton"]
[Date "2010.11.13"]
[Round "2"]
[White "Millward, Richard"]
[Black "Garnett, John S"]
[Result "1/2-1/2"]
[WhiteElo "2107"]
[BlackElo "2035"]
[PlyCount "62"]
[EventDate "2010.11.12"]
[EventType "swiss"]
[EventRounds "5"]
[EventCountry "ENG"]
[SourceTitle "BritBase"]
[Source "John Saunders"]
[SourceDate "2024.12.03"]
[SourceVersion "1"]
[SourceVersionDate "2024.12.03"]
[SourceQuality "1"]

1. e4 c5 2. Nf3 Nc6 3. d4 cxd4 4. Nxd4 g6 5. Nc3 Bg7 6. Be3 Nf6 7. Qd2 O-O 8. f3 d5 9. Nxc6 bxc6 10. Bh6 dxe4 11. Bxg7 Qxd2+ 12. Kxd2 Kxg7 13. fxe4 Rd8+ 14. Bd3 Ng4 15. h3 Ne5 16. Ke3 Be6 17. b3 c5 18. Na4 c4 19. Be2 Rac8 20. b4 c3 21. Nc5 Bc4 22. Rhd1 Bxe2 23. Kxe2 Nc6 24. Rxd8 Rxd8 25. Nd3 Nd4+ 26. Kd1 Rd6 27. e5 Rd5 28. a4 Nc6 29. Ke2 Nd4+ 30. Kd1 Nc6 31. Ke2 Nd4+ 1/2-1/2

[Event "e2e4 Brighton Open"]
[Site "Brighton"]
[Date "2010.11.13"]
[Round "2"]
[White "Morris-Hill, Ray"]
[Black "Tippleston, Charles E"]
[Result "0-1"]
[WhiteElo "2031"]
[BlackElo "2150"]
[PlyCount "124"]
[EventDate "2010.11.12"]
[EventType "swiss"]
[EventRounds "5"]
[EventCountry "ENG"]
[SourceTitle "BritBase"]
[Source "John Saunders"]
[SourceDate "2024.12.03"]
[SourceVersion "1"]
[SourceVersionDate "2024.12.03"]
[SourceQuality "1"]

1. e4 c5 2. Nf3 e6 3. g3 d6 4. Bg2 Nf6 5. d3 Nc6 6. O-O Be7 7. Qe2 Qc7 8. c3 O-O 9. Bf4 e5 10. Bd2 Re8 11. Na3 Rb8 12. Nc2 h6 13. Ne3 Bf8 14. Nh4 Qd8 15. h3 g6 16. Nf3 Bg7 17. Nh2 Bd7 18. Nhg4 Nxg4 19. Nxg4 Kh7 20. Ne3 Rf8 21. f4 exf4 22. gxf4 f5 23. Rf3 Ne7 24. Raf1 Bc6 25. Nc2 Qb6 26. Bc1 c4+ 27. Re3 cxd3 28. Qxd3 fxe4 29. Qxd6 Nf5 30. Qb4 Qxb4 31. Nxb4 Nxe3 32. Bxe3 a5 33. Nc2 Rfe8 34. f5 Rf8 35. fxg6+ Kxg6 36. Re1 Rfe8 37. Nd4 Bxd4 38. Bxd4 Re7 39. Re3 Kh7 40. Kh2 Rbe8 41. a3 a4 42. Bc5 Rf7 43. Rg3 Rg8 44. Be3 Rxg3 45. Kxg3 Kg6 46. h4 Rf5 47. c4 Rf8 48. Kg4 h5+ 49. Kg3 Kf5 50. Bf1 Rg8+ 51. Kf2 Kg4 52. Bg5 Rxg5 53. hxg5 Kxg5 54. Ke3 Kf5 55. Bh3+ Ke5 56. Bg2 h4 57. Bh3 Be8 58. Bg2 Bg6 59. Bh3 Bf5 60. Bg2 h3 61. Bf1 b6 62. Kf2 Kf4 0-1

[Event "e2e4 Brighton Open"]
[Site "Brighton"]
[Date "2010.11.13"]
[Round "2"]
[White "Seyfried, Claus"]
[Black "Kane, Robert"]
[Result "1-0"]
[WhiteElo "2160"]
[BlackElo "1875"]
[PlyCount "61"]
[EventDate "2010.11.12"]
[EventType "swiss"]
[EventRounds "5"]
[EventCountry "ENG"]
[SourceTitle "BritBase"]
[Source "John Saunders"]
[SourceDate "2024.12.03"]
[SourceVersion "1"]
[SourceVersionDate "2024.12.03"]
[SourceQuality "1"]

1. e4 c6 2. d4 d5 3. Nc3 dxe4 4. Nxe4 Nf6 5. Nxf6+ gxf6 6. Bc4 Bf5 7. Ne2 e6 8. Be3 Bd6 9. Qd2 Nd7 10. Bf4 Nb6 11. Bb3 Nd5 12. Bxd6 Qxd6 13. c4 Ne7 14. O-O-O b5 15. c5 Qd8 16. Ng3 Bg6 17. Rhe1 a5 18. Ne4 Bxe4 19. Rxe4 a4 20. Bc2 Nd5 21. f4 b4 22. f5 b3 23. axb3 a3 24. bxa3 Rxa3 25. fxe6 Qa8 26. exf7+ Kd7 27. Qd3 Qa5 28. Qh3+ Kc7 29. Re8 Ra1+ 30. Bb1 Qa2 31. Qc8# 1-0

[Event "e2e4 Brighton Open"]
[Site "Brighton"]
[Date "2010.11.13"]
[Round "2"]
[White "Tozer, Philip A"]
[Black "Cohen, Ronnie"]
[Result "1-0"]
[WhiteElo "2123"]
[BlackElo "1935"]
[PlyCount "65"]
[EventDate "2010.11.12"]
[EventType "swiss"]
[EventRounds "5"]
[EventCountry "ENG"]
[SourceTitle "BritBase"]
[Source "John Saunders"]
[SourceDate "2024.12.03"]
[SourceVersion "1"]
[SourceVersionDate "2024.12.03"]
[SourceQuality "1"]

1. c4 f5 2. g3 Nf6 3. Bg2 e6 4. Nc3 Be7 5. Nf3 O-O 6. O-O d5 7. cxd5 exd5 8. d3 c6 9. Qc2 Kh8 10. a3 a5 11. b3 Na6 12. Bb2 Be6 13. Nd4 Qd7 14. Rad1 c5 15. Nxe6 Qxe6 16. e4 fxe4 17. dxe4 d4 18. Nd5 Nxd5 19. exd5 Qd6 20. Bc1 Ra7 21. Rfe1 Nc7 22. Bf4 Qd8 23. Rxe7 Qxe7 24. d6 Qd7 25. dxc7 b6 26. Qe4 Qf7 27. Qc6 Qxb3 28. c8=Q Qxd1+ 29. Bf1 Raf7 30. Q8e6 Rf6 31. Qe7 Qb3 32. Be5 R6f7 33. Qg5 1-0

[Event "e2e4 Brighton Open"]
[Site "Brighton"]
[Date "2010.11.13"]
[Round "2"]
[White "Willmoth, Robert F"]
[Black "Gibbs, Dominic V"]
[Result "1/2-1/2"]
[WhiteElo "2238"]
[BlackElo "1941"]
[PlyCount "78"]
[EventDate "2010.11.12"]
[EventType "swiss"]
[EventRounds "5"]
[EventCountry "ENG"]
[SourceTitle "BritBase"]
[Source "John Saunders"]
[SourceDate "2024.12.03"]
[SourceVersion "1"]
[SourceVersionDate "2024.12.03"]
[SourceQuality "1"]

1. e4 c6 2. d3 d5 3. Nd2 e5 4. Ngf3 Bd6 5. d4 exd4 6. exd5 cxd5 7. Nxd4 Nc6 8. N2f3 Nge7 9. h3 O-O 10. Bd3 h6 11. c3 a6 12. Be3 f5 13. Qc2 Bd7 14. O-O Rc8 15. Nxc6 Nxc6 16. Rad1 Ne7 17. Rfe1 b5 18. Qb3 Qe8 19. Bd4 f4 20. Qc2 Qh5 21. Kh2 Nf5 22. Be5 Nh4 23. Nxh4 Bxe5 24. Rxe5 Qxh4 25. Bf1 Bc6 26. Rde1 d4 27. cxd4 Kh8 28. Qd2 Rfe8 29. Rxe8+ Rxe8 30. Rxe8+ Bxe8 31. g3 fxg3+ 32. fxg3 Qf6 33. Kg2 Bd7 34. b3 Qd6 35. Qc3 Qe6 36. Qc5 Kh7 37. Qe5 Qxe5 38. dxe5 Kg6 39. b4 Kf5 1/2-1/2

[Event "e2e4 Brighton Open"]
[Site "Brighton"]
[Date "2010.11.13"]
[Round "2"]
[White "Wynarczyk, Raymond"]
[Black "Batchelor, Paul A"]
[Result "1/2-1/2"]
[WhiteElo "1966"]
[BlackElo "2050"]
[PlyCount "49"]
[EventDate "2010.11.12"]
[EventType "swiss"]
[EventRounds "5"]
[EventCountry "ENG"]
[SourceTitle "BritBase"]
[Source "John Saunders"]
[SourceDate "2024.12.03"]
[SourceVersion "1"]
[SourceVersionDate "2024.12.03"]
[SourceQuality "1"]

1. e4 c5 2. Nf3 d6 3. d4 cxd4 4. Nxd4 Nf6 5. Nc3 g6 6. f4 Nbd7 7. Bc4 Qc7 8. Bb3 a6 9. O-O Bg7 10. Be3 Nc5 11. f5 Nxb3 12. axb3 Bd7 13. Bg5 Qc5 14. Be3 Qc7 15. Kh1 Bc6 16. Bg5 O-O 17. fxg6 hxg6 18. Nxc6 bxc6 19. Qd2 Qb7 20. Bh6 Bxh6 21. Qxh6 Ng4 22. Qf4 Ne5 23. Qh6 Ng4 24. Qg5 Ne5 25. Qh6 1/2-1/2

[Event "e2e4 Brighton Open"]
[Site "Brighton"]
[Date "2010.11.13"]
[Round "3"]
[White "Atako, Chino"]
[Black "Chung, Angel"]
[Result "1-0"]
[WhiteElo "2039"]
[BlackElo "1898"]
[PlyCount "85"]
[EventDate "2010.11.12"]
[EventType "swiss"]
[EventRounds "5"]
[EventCountry "ENG"]
[SourceTitle "BritBase"]
[Source "John Saunders"]
[SourceDate "2024.12.03"]
[SourceVersion "1"]
[SourceVersionDate "2024.12.03"]
[SourceQuality "1"]

1. e4 c5 2. Nf3 Nc6 3. d4 cxd4 4. Nxd4 Nf6 5. Nc3 e5 6. Ndb5 a6 7. Nd6+ Bxd6 8. Qxd6 Qe7 9. Qxe7+ Nxe7 10. Bg5 b5 11. Bxf6 gxf6 12. O-O-O Bb7 13. f3 O-O-O 14. Rd6 f5 15. exf5 Kc7 16. Rf6 Rdf8 17. Bxb5 axb5 18. Nxb5+ Kb8 19. Re1 Nd5 20. Rd6 Nc7 21. Rxe5 Nxb5 22. Rxb5 Kc7 23. Rd3 Bc6 24. Re5 Re8 25. Rxe8 Rxe8 26. Kd2 Bb5 27. Re3 Rxe3 28. Kxe3 Kd6 29. Kd4 Bf1 30. g3 h5 31. h4 Bh3 32. Ke4 Ke7 33. Kf4 f6 34. b4 Bf1 35. a4 Ba6 36. g4 Bc4 37. b5 Bf7 38. a5 Kd6 39. b6 Kc6 40. g5 Bd5 41. gxf6 Kb5 42. Kg5 Kxa5 43. Kg6 1-0

[Event "e2e4 Brighton Open"]
[Site "Brighton"]
[Date "2010.11.13"]
[Round "3"]
[White "Batchelor, Paul A"]
[Black "Andreev, Peter"]
[Result "1-0"]
[WhiteElo "2050"]
[BlackElo "1864"]
[PlyCount "65"]
[EventDate "2010.11.12"]
[EventType "swiss"]
[EventRounds "5"]
[EventCountry "ENG"]
[SourceTitle "BritBase"]
[Source "John Saunders"]
[SourceDate "2024.12.03"]
[SourceVersion "1"]
[SourceVersionDate "2024.12.03"]
[SourceQuality "1"]

1. d4 Nf6 2. c4 g6 3. Nc3 Bg7 4. e4 d6 5. f3 Nc6 6. Nge2 e5 7. d5 Nd4 8. Be3 O-O 9. Nxd4 exd4 10. Bxd4 c5 11. dxc6 bxc6 12. Be2 Rb8 13. Qd2 Nh5 14. Bxg7 Nxg7 15. O-O-O Qb6 16. Na4 Qa6 17. b3 Rd8 18. c5 Qb7 19. cxd6 Ne8 20. e5 Be6 21. Nc5 Qb6 22. Nxe6 fxe6 23. Bc4 Ng7 24. Qc3 a5 25. h4 Kf7 26. g4 h5 27. Rd3 a4 28. Qd4 axb3 29. Qxb6 Rxb6 30. Rxb3 Rxb3 31. Bxb3 c5 32. Kb2 Rb8 33. Rc1 1-0

[Event "e2e4 Brighton Open"]
[Site "Brighton"]
[Date "2010.11.13"]
[Round "3"]
[White "Bennett, Patrick"]
[Black "Wynarczyk, Raymond"]
[Result "1/2-1/2"]
[WhiteElo "2073"]
[BlackElo "1966"]
[PlyCount "120"]
[EventDate "2010.11.12"]
[EventType "swiss"]
[EventRounds "5"]
[EventCountry "ENG"]
[SourceTitle "BritBase"]
[Source "John Saunders"]
[SourceDate "2024.12.03"]
[SourceVersion "1"]
[SourceVersionDate "2024.12.03"]
[SourceQuality "1"]

1. d4 d5 2. c4 e6 3. Nf3 Nf6 4. g3 a6 5. Bg2 c5 6. cxd5 exd5 7. O-O Nc6 8. Nc3 Be7 9. dxc5 Bxc5 10. b3 O-O 11. Na4 Be7 12. Be3 Ng4 13. Bb6 Qd7 14. Rc1 Qf5 15. Bc5 Be6 16. Nd4 Qh5 17. h3 Nge5 18. f4 Bxc5 19. Nxc5 Nxd4 20. Qxd4 Nc6 21. Qd2 Bxh3 22. Nxb7 Ne7 23. Rc5 Rac8 24. Rfc1 Rxc5 25. Rxc5 Qg4 26. Qe3 Nf5 27. Qf3 h5 28. Qxg4 Bxg4 29. Kf2 Re8 30. Bf3 Nd4 31. Rxd5 Bxf3 32. exf3 Re2+ 33. Kf1 Rd2 34. Nc5 Nxb3 35. Rxd2 Nxd2+ 36. Ke2 Nb1 37. Kd3 f6 38. Nxa6 g5 39. fxg5 fxg5 40. Nc5 h4 41. Ne4 hxg3 42. Nxg3 Kf7 43. a4 Na3 44. a5 Ke6 45. a6 Nb5 46. Ne4 Kd7 47. Nxg5 Kc7 48. f4 Kb6 49. f5 Nd6 50. f6 Kxa6 51. Kd4 Kb6 52. Kd5 Kc7 53. Ke6 Kc6 54. Nf3 Kc7 55. Nd2 Kc6 56. Nf3 Kc7 57. Ke7 Kc6 58. Ne5+ Kd5 59. Nd7 Nf5+ 60. Kf8 Ke6 1/2-1/2

[Event "e2e4 Brighton Open"]
[Site "Brighton"]
[Date "2010.11.13"]
[Round "3"]
[White "Burrows, Martin P"]
[Black "Arkell, Keith C"]
[Result "0-1"]
[WhiteElo "2174"]
[BlackElo "2431"]
[PlyCount "84"]
[EventDate "2010.11.12"]
[EventType "swiss"]
[EventRounds "5"]
[EventCountry "ENG"]
[SourceTitle "BritBase"]
[Source "John Saunders"]
[SourceDate "2024.12.03"]
[SourceVersion "1"]
[SourceVersionDate "2024.12.03"]
[SourceQuality "1"]

1. e4 c6 2. d4 d5 3. e5 c5 4. dxc5 Nc6 5. Bb5 Qa5+ 6. Nc3 e6 7. Be3 Nge7 8. a3 Nf5 9. b4 Nxe3 10. fxe3 Qc7 11. Nf3 Bd7 12. Bxc6 Qxc6 13. O-O Be7 14. Qd3 b6 15. Nd4 Qc7 16. Ncb5 Qxe5 17. c6 Bc8 18. Nf3 Qb8 19. Ng5 f6 20. Nxh7 f5 21. c7 Qb7 22. Ng5 a6 23. Nxe6 Bxe6 24. Nd4 Bd7 25. Nxf5 Qxc7 26. Nxg7+ Kd8 27. h3 Qe5 28. Nf5 Bb5 29. Nxe7 Kxe7 30. Qf5 Qxf5 31. Rxf5 Ke6 32. Rf4 Rac8 33. a4 Bd7 34. Raf1 Rh6 35. a5 bxa5 36. bxa5 Rxc2 37. R1f2 Rxf2 38. Rxf2 Rh4 39. Ra2 Ke5 40. Kf2 Rh8 41. Rd2 Rf8+ 42. Kg3 Rf1 0-1

[Event "e2e4 Brighton Open"]
[Site "Brighton"]
[Date "2010.11.13"]
[Round "3"]
[White "Coates, David H"]
[Black "Williamson, Roger G"]
[Result "1/2-1/2"]
[WhiteElo "2067"]
[BlackElo "2178"]
[PlyCount "81"]
[EventDate "2010.11.12"]
[EventType "swiss"]
[EventRounds "5"]
[EventCountry "ENG"]
[SourceTitle "BritBase"]
[Source "John Saunders"]
[SourceDate "2024.12.03"]
[SourceVersion "1"]
[SourceVersionDate "2024.12.03"]
[SourceQuality "1"]

1. d4 Nf6 2. c4 c5 3. d5 e5 4. Nc3 d6 5. e4 Be7 6. Be2 O-O 7. g4 Ne8 8. h3 Nd7 9. Nf3 g6 10. Bh6 Ng7 11. Rg1 Nf6 12. Qd2 Kh8 13. O-O-O Ng8 14. Rg2 a6 15. Rh1 Bd7 16. h4 f6 17. Bxg7+ Kxg7 18. h5 g5 19. Kb1 Rb8 20. Ne1 b5 21. f3 Nh6 22. Nd1 Qe8 23. Ne3 Bd8 24. Nf1 Bc7 25. Nc2 Qd8 26. Nce3 bxc4 27. Bxc4 Ba5 28. Qc1 Nf7 29. Ng3 h6 30. Ngf5+ Kh7 31. Bxa6 Qc7 32. Bc4 Rb7 33. Qc2 Rfb8 34. Qd3 Rb4 35. Rhh2 Be8 36. Kc1 Qa7 37. b3 R4b7 38. Rb2 Bb4 39. Nc2 Ba5 40. Nce3 Bb4 41. Nc2 1/2-1/2

[Event "e2e4 Brighton Open"]
[Site "Brighton"]
[Date "2010.11.13"]
[Round "3"]
[White "Eilers, Arne"]
[Black "Millward, Richard"]
[Result "0-1"]
[WhiteElo "1965"]
[BlackElo "2107"]
[PlyCount "108"]
[EventDate "2010.11.12"]
[EventType "swiss"]
[EventRounds "5"]
[EventCountry "ENG"]
[SourceTitle "BritBase"]
[Source "John Saunders"]
[SourceDate "2024.12.03"]
[SourceVersion "1"]
[SourceVersionDate "2024.12.03"]
[SourceQuality "1"]

1. g3 Nf6 2. Bg2 d5 3. Nf3 g6 4. O-O Bg7 5. d3 O-O 6. Nbd2 c5 7. e4 dxe4 8. dxe4 Nc6 9. Re1 e5 10. c3 Qc7 11. Qc2 b5 12. Nf1 Bb7 13. Bg5 h6 14. Be3 c4 15. Nh4 Ng4 16. Bc5 Ne7 17. Bxe7 Qxe7 18. Rad1 Rfd8 19. Rxd8+ Rxd8 20. a4 a6 21. axb5 axb5 22. b3 Qc5 23. bxc4 bxc4 24. Qe2 h5 25. Nf3 Bh6 26. h3 Nf6 27. N1d2 Ba6 28. Ra1 Bb5 29. Bf1 Rd3 30. Nb1 Bc6 31. Nbd2 Bxd2 32. Nxd2 Rxg3+ 33. Kh2 Rxc3 34. Nxc4 Rxc4 35. Qxc4 Qxf2+ 36. Bg2 Bxe4 37. Qf1 Qd2 38. Rd1 Bxg2 39. Rxd2 Bxf1 40. Rf2 Bxh3 41. Kxh3 Ng4 42. Ra2 e4 43. Kg3 e3 44. Kf4 Kg7 45. Kg5 f6+ 46. Kf4 Kh6 47. Ra1 Kg7 48. Ra7+ Kf8 49. Kf3 Kg8 50. Kf4 f5 51. Kg5 Kf8 52. Kxg6 e2 53. Ra1 f4 54. Kxh5 f3 0-1

[Event "e2e4 Brighton Open"]
[Site "Brighton"]
[Date "2010.11.13"]
[Round "3"]
[White "Gibbs, Dominic V"]
[Black "Cannon, Richard James"]
[Result "1-0"]
[WhiteElo "1941"]
[BlackElo "2119"]
[PlyCount "115"]
[EventDate "2010.11.12"]
[EventType "swiss"]
[EventRounds "5"]
[EventCountry "ENG"]
[SourceTitle "BritBase"]
[Source "John Saunders"]
[SourceDate "2024.12.03"]
[SourceVersion "1"]
[SourceVersionDate "2024.12.03"]
[SourceQuality "1"]

1. e4 e6 2. d4 d5 3. Nd2 Nf6 4. e5 Nfd7 5. Bd3 c5 6. c3 Nc6 7. Ngf3 Be7 8. O-O cxd4 9. cxd4 g5 10. Nb3 a5 11. a4 g4 12. Ne1 Qb6 13. Be3 h5 14. f4 f5 15. exf6 Bxf6 16. Bg6+ Ke7 17. Nd3 Nxd4 18. Ne5 Qxb3 19. Qxd4 Qb4 20. Qd3 Nc5 21. Qc2 d4 22. Bd2 Qb6 23. Nc4 Qa7 24. Bxa5 d3 25. Bxd3 Nxd3+ 26. Bb6 Bd4+ 27. Kh1 Bxb6 28. Qxd3 Bd4 29. Rad1 Rd8 30. Qh7+ Ke8 31. Ne5 Rd7 32. Nxd7 Bxd7 33. Rxd4 Qxd4 34. Qg8+ Ke7 35. Qxa8 Bc6 36. Qa5 Qxb2 37. Qc5+ Kd7 38. Qf2 Qxf2 39. Rxf2 Bxa4 40. f5 exf5 41. Rxf5 b5 42. Rxh5 b4 43. Rg5 Bc2 44. Rxg4 b3 45. Rb4 Kd6 46. g4 Kc5 47. Rb8 Kc4 48. Kg2 Kc3 49. Kg3 b2 50. Rxb2 Kxb2 51. Kf4 Kc3 52. Ke5 Kc4 53. h4 Kc5 54. h5 Bd1 55. h6 Bc2 56. g5 Kc6 57. Kf6 Kd7 58. g6 1-0

[Event "e2e4 Brighton Open"]
[Site "Brighton"]
[Date "2010.11.13"]
[Round "3"]
[White "Haria, Ravi"]
[Black "Tozer, Philip A"]
[Result "1-0"]
[WhiteElo "1952"]
[BlackElo "2123"]
[PlyCount "77"]
[EventDate "2010.11.12"]
[EventType "swiss"]
[EventRounds "5"]
[EventCountry "ENG"]
[SourceTitle "BritBase"]
[Source "John Saunders"]
[SourceDate "2024.12.03"]
[SourceVersion "1"]
[SourceVersionDate "2024.12.03"]
[SourceQuality "1"]

1. e4 e6 2. d4 d5 3. e5 c5 4. c3 Nc6 5. Nf3 Bd7 6. a3 f6 7. Bd3 Qc7 8. Qe2 cxd4 9. Bf4 Qb6 10. O-O Nge7 11. Rd1 f5 12. h4 a6 13. c4 h6 14. b4 dxc4 15. Bxc4 g6 16. Qa2 Kf7 17. Nc3 Qc7 18. Ne2 Bg7 19. Nexd4 Nd8 20. Rac1 Nec6 21. Nxc6 Nxc6 22. Rd6 Rhe8 23. Nd4 Qxd6 24. exd6 Nxd4 25. Be3 b5 26. Bxd4 Bxd4 27. Bb3 Rac8 28. Qd2 Bg7 29. Rc7 Rxc7 30. dxc7 Ke7 31. Qe3 Rc8 32. Qc5+ Ke8 33. Qd6 Bf8 34. Qxa6 Rxc7 35. Bxe6 Bc6 36. Qb6 Bd6 37. Bd5 Bxd5 38. Qxd6 Rc1+ 39. Kh2 1-0

[Event "e2e4 Brighton Open"]
[Site "Brighton"]
[Date "2010.11.13"]
[Round "3"]
[White "Jakob, Matthias"]
[Black "Cannon, Raymond Charles"]
[Result "0-1"]
[WhiteElo "2020"]
[BlackElo "2068"]
[PlyCount "98"]
[EventDate "2010.11.12"]
[EventType "swiss"]
[EventRounds "5"]
[EventCountry "ENG"]
[SourceTitle "BritBase"]
[Source "John Saunders"]
[SourceDate "2024.12.03"]
[SourceVersion "1"]
[SourceVersionDate "2024.12.03"]
[SourceQuality "1"]

1. e4 d6 2. d4 Nf6 3. Nc3 g6 4. Be3 c6 5. h3 b5 6. e5 Nfd7 7. f4 Bg7 8. Nf3 O-O 9. g4 Bb7 10. Bg2 b4 11. Ne4 c5 12. Nfd2 cxd4 13. Bxd4 Nc6 14. Nb3 dxe5 15. fxe5 Ndxe5 16. Nec5 Qc7 17. Nxb7 Qxb7 18. Bxe5 Bxe5 19. Qf3 Rac8 20. O-O-O Qb6 21. Rhe1 Bf6 22. Qe4 a5 23. Rd5 a4 24. Nc5 Nd4 25. Rxd4 Bxd4 26. Nd7 Qc7 27. Nxf8 Kxf8 28. Re2 e5 29. Qd3 Qc5 30. a3 bxa3 31. Qxa3 Qxa3 32. bxa3 Rc3 33. Re1 Rxa3 34. Rd1 Bc3 35. Rd8+ Ke7 36. Rb8 Ra1+ 37. Rb1 Ra3 38. Kd1 Bd4 39. Rb4 Rg3 40. Bf1 a3 41. Ra4 Bb2 42. Ra7+ Kd6 43. Bc4 Rxh3 44. Rxf7 Kc5 45. Ba2 Kd4 46. Ke2 Ke4 47. Rd7 Rh2+ 48. Kf1 Kf3 49. Kg1 Rxc2 0-1